|
|
|
|
| LEADER |
00000naa2a2200000 4500 |
| 001 |
629337 |
| 005 |
20231222123314.0 |
| 035 |
|
|
|a (RuTPU)RU\TPU\conf\29876
|
| 035 |
|
|
|a RU\TPU\conf\29875
|
| 090 |
|
|
|a 629337
|
| 100 |
|
|
|a 20190429d2018 k y0rusy50 ca
|
| 101 |
0 |
|
|a rus
|
| 102 |
|
|
|a RU
|
| 105 |
|
|
|a y z 101zy
|
| 135 |
|
|
|a drgn ---uucaa
|
| 181 |
|
0 |
|a i
|
| 182 |
|
0 |
|a b
|
| 200 |
1 |
|
|a Национальные и общественные усилия для предотвращения гендерного насилия: опыт Вьетнама
|f Трэн Тхи Бич Нгок, Г. А. Барышева, С. В. Потягайлов
|
| 203 |
|
|
|a Текст
|c электронный
|
| 300 |
|
|
|a Заглавие с титульного экрана
|
| 320 |
|
|
|a [Библиогр.: с. 80-82 (22 назв.)]
|
| 330 |
|
|
|a Домашнее насилие, особенно насилие в отношении женщин в большинстве случаев не является новым явлением. Оно (насилие) считается наиболее распространенным нарушением прав человека в любой точке мира, независимо от социальной стратификации, экономического или национального развития. Около трети женщин во всем мире ощущают негативное воздействие на физическое и психологическое здоровье из-за оказываемого в их сторону насилия. Это не просто акт, а нарушение прав женщин вне зависимости от возраста, ограничивающий их участие в жизни общества, что в свою очередь наносит ущерб их здоровью и благополучию. Во Вьетнаме, несмотря на то, что правительство предприняло решительные действия по предотвращению насилия в отношении женщин, насилие в семье попрежнему остается тревожным сигналом. Однако борьба с насилием в семье получает внимание и поддержку как со стороны государства, так и со стороны общества в целом. В этом исследовании будет представлена информация о ситуации с насилием в семье и национальной политике по предотвращению гендерного насилия во Вьетнаме. Также предлагаются практические рекомендации для определения политики в этой области.
|
| 463 |
|
0 |
|0 (RuTPU)RU\TPU\conf\29867
|t Непрерывное благополучие в мире
|l Lifelong Wellbeing In The World
|o сборник научных трудов V Международного научного симпозиума, г. Томск, 24-28 апреля 2018 г.
|f Национальный исследовательский Томский политехнический университет (ТПУ) ; под ред. Г. А. Барышевой [и др.]
|v [С. 73-82]
|d 2018
|
| 610 |
1 |
|
|a электронный ресурс
|
| 610 |
1 |
|
|a труды учёных ТПУ
|
| 610 |
1 |
|
|a предотвращение
|
| 610 |
1 |
|
|a домашнее насилие
|
| 610 |
1 |
|
|a гендерное неравенство
|
| 610 |
1 |
|
|a продолжительность жизни
|
| 610 |
1 |
|
|a права человека
|
| 610 |
1 |
|
|a Вьетнам
|
| 700 |
|
0 |
|a Трэн Тхи Бич Нгок
|
| 701 |
|
1 |
|a Барышева
|b Г. А.
|c экономист
|c профессор Томского политехнического университета, доктор экономических наук
|f 1961-
|g Галина Анзельмовна
|3 (RuTPU)RU\TPU\pers\25765
|9 11658
|
| 701 |
|
1 |
|a Потягайлов
|b С. В.
|c экономист
|c лаборант Томского политехнического университета
|f 1991-
|g Сергей Витальевич
|3 (RuTPU)RU\TPU\pers\37152
|
| 712 |
0 |
2 |
|a Национальный исследовательский Томский политехнический университет
|b Школа инженерного предпринимательства
|c (2017- )
|3 (RuTPU)RU\TPU\col\23544
|
| 801 |
|
2 |
|a RU
|b 63413507
|c 20190513
|g RCR
|
| 856 |
4 |
|
|u http://earchive.tpu.ru/handle/11683/53200
|
| 942 |
|
|
|c BK
|